Film existant - Statistiques

Statistiques générales
  • Ce quiz a été pris 111 fois
  • Le résultat moyen est 5 sur 10
Answers on the Grid
Answers color-coded by a green-red scale on the quiz's grid according to % correct below.
Le silence des agneaux
Canada me voilà
J'arrive après le bus
Tais-toi
Épouse moi mon pote
Épile moi mon pote
Le Cousin
La cousine Bette
Le Tunnel
Léon
Allons tous voir Gaston
La salle de sport
Le barbecue
Le gigot d'agneau
Le piano plat
Le guépard
Le surlendemain
Le voilier vert
Le bus de la mort
Il faut battre le Chinois pendant qu'il est chaud
 
Statistiques - réponses
Réponse % Correct
Le silence des agneaux
91%
Léon
88%
Épouse moi mon pote
77%
Le guépard
62%
Tais-toi
56%
Le Cousin
41%
Le barbecue
38%
Le Tunnel
30%
Il faut battre le Chinois pendant qu'il est chaud
21%
La cousine Bette
15%
Aucun quiz correspondant
Distribution des résultats
% des personnes avec chaque résultat
Percentile par nombre de réponses
Votre historique - résultats
Vous n’avez pas pris ce quiz